000 02167nam0a2200457 4500
001 RU\NLR\bibl\1667020
005 20260405193047.0
010 _a978-5-9971-0022-3
_9500
021 _aRU
_b2010-53584
_93531
035 _a(nilc)RSL-KNO-004705540
035 _a(NLR Aleph) 001658293
090 _a965332
_c965332
100 _a20100712d2010 |||y0rusy50 ca
101 0 _arus
_deng
_eeng
102 _aRU
105 _aa |||||||||
200 1 _aГлобальный вулканизм и океанизация Земли и планет
_dGlobal volcanism and oceanization of the Earth and planets
_eмонография
_fВ. В. Орленок
_gРос. гос. ун-т им. Иммануила Канта
_zeng
210 _aКалининград
_cИзд-во Российского государственного университета
_d2010
215 _a195 с.
_cцв. ил., табл.
_d24
300 _aНа 4-й с. обл. авт.: В. В. Орленок - д.г.-м.н., проф.
300 _aАвт. также на англ. яз.: V. V. Orlenok
300 _aРез. на англ. яз.
320 _aБиблиогр.: с. 192-195 (95 назв.)
510 0 _6z48790
_aGlobal volcanism and oceanization of the Earth and planets
_zeng
606 1 _aПланеты
_xВулканы
_92628472
_3RU\NLR\auth\661565032
606 1 _aМоря и океаны
_xПроисхождение
_xРоль вулканизма
_92584492
_3RU\NLR\auth\661527669
610 0 _aНауки о Земле -- Геологические науки -- Вулканология
686 _aД40,0
_2rubbk
686 _aВ654-8,0
_2rubbk
686 _aВ654.04
686 _aД540
700 1 _4070
_8rus
_7ca
_aОрленок
_bВ. В.
_f1940-2016
_gВячеслав Владимирович
_3RU\NLR\AUTH\7784906
_967834
790 1 _4070
_aOrlenok
_bV. V.
_f1940-2016
_gVjačeslav Vladimirovič
_3RU\NLR\auth\7784908
_967836
801 0 _aRU
_bРГБ
_c20100712
_grcr
801 1 _aRU
_bРГБ
_c20100712
801 2 _aRU
_bNLR
_c20100824
_grcr
830 _aавт. раскрыт в кн.
942 _cBOOK
980 _aNB